1433 1940 1968 1974 1875 1940 1241 1914 1850 1223 1093 1222 1416 1481 1992 1325 1793 1066 1647 1845 1043 1583 1423 1701 1067 1478 1228 1254 1677 1488 1335 1092 1078 1888 1200 1246 1516 1528 1326 1212 1152 1554 1391 1025 1544 1737 1328 1006 1989 1131 1627 1433 1207 1081 1188 1926 1984 1721 1288 1443 1261 1710 1008 1995 1610 1187 1504 1379 1581 1243 1754 1109 1649 1112 1578 1769 1736 1428 1195 1742 1549 1042 1549 1764 1882 1899 1176 1373 1840 1762 1041 1256 1009 1521 1106 1009 1192 1709 1472 BCNSPRNW ULIB Ver.6.0+V

เปลี่ยนเป็นภาษาไทย

Change to English
 แสดงรายละเอียดบรรณานุกรม
  กลับหน้าหลัก

Brief Record : Get Marc (ISO 2709) : E-mail record : QR code < ปิดหน้าต่าง
LEADER : 00000nam 2200000uu 4500
001    13399125399
003     ULIB
008    170524s2559||||th 000 0 tha d
020    ^a9786167902449
060 04 ^aWS104^bจ493พ
100 0  ^aจิรนันท์ วีรกุล
245 00 ^aพัฒนาการผิดปกติที่พบบ่อยในเด็กแรกเกิด-5ปี /^cจิรนันท์ วีรกุล
250    ^aพิมพ์ครั้งที่ 1
260    ^aพิษณุโลก :^bสำนักพิมพ์มหาวิทยาลัยนเรศวร, ^c2559
300    ^a89 หน้า ;^c26 ซม.
505 0  ^aพัฒนาการผิดปกติ -- พื้นอารมณ์ของเด็ก -- พัฒนาการด้านกล้ามเนื้อมัดใญ่ผิดปกติ -- พัฒนาการด้านกล้ามเนื้อมัดเล็กผิดปกติ -- พัฒนาการด้านการพูดและการสื่อความหมายล่าช้า -- พัฒนาการด้านสังคมและการช่วยเหลือตนเองผิดปกติ
650  4 ^aเด็ก
650  4 ^aพัฒนาการของเด็ก
650  4 ^aเด็ก^xการบริบาลและสุขวิทยา
945    ^p0^l0^i002199
945    ^p0^l0^i002200
945    ^p0^l0^i002201
945    ^p0^l0^i002202
945    ^p0^l0^i002203
945    ^p0^l0^i002204
945    ^p0^l0^i002205
945    ^p0^l0^i002206
945    ^p0^l0^i002207
945    ^p0^l0^i002208
945    ^p0^l0^i002209
945    ^p0^l0^i002210
999    ^aวรรณษา ชูชัยมงคล
รายการนี้ยังไม่มีแท็ก
คุณยังไม่ได้ล็อกอิน คุณสามารถมีกิจกรรมร่วมกับเว็บไซต์ได้ แต่ต้องล็อกอินก่อน ::
  ล็อกอิน

รายการสื่อสารสนเทศ

ลำดับที่ ประเภท เลขเรียก/บาร์โค้ด สถานที่ สถานะ
1. วิทยาศาสตร์การแพทย์ และสุขภาพ
วิทยาศาสตร์การแพทย์ และสุขภาพ
สถานะ=หนังสือเก่า
WS104 จ493พ ฉ.1 
  Barcode: 002199
ห้องสมุดวิทยาเขตสวรรค์ประชารักษ์
►ส่วนจัดเก็บหนังสือเก่า สปร
บนชั้น
  ขอยืม
2. วิทยาศาสตร์การแพทย์ และสุขภาพ
วิทยาศาสตร์การแพทย์ และสุขภาพ
สถานะ=หนังสือเก่า
WS104 จ493พ ฉ.10 
  Barcode: 002208
ห้องสมุดวิทยาเขตสวรรค์ประชารักษ์
►ส่วนจัดเก็บหนังสือเก่า สปร
บนชั้น
  ขอยืม
3. วิทยาศาสตร์การแพทย์ และสุขภาพ
วิทยาศาสตร์การแพทย์ และสุขภาพ
สถานะ=หนังสือเก่า
WS104 จ493พ ฉ.11 
  Barcode: 002209
ห้องสมุดวิทยาเขตสวรรค์ประชารักษ์
►ส่วนจัดเก็บหนังสือเก่า สปร
บนชั้น
  ขอยืม
4. วิทยาศาสตร์การแพทย์ และสุขภาพ
วิทยาศาสตร์การแพทย์ และสุขภาพ
สถานะ=หนังสือเก่า
WS104 จ493พ ฉ.12 
  Barcode: 002210
ห้องสมุดวิทยาเขตสวรรค์ประชารักษ์
►ส่วนจัดเก็บหนังสือเก่า สปร
บนชั้น
  ขอยืม
5. วิทยาศาสตร์การแพทย์ และสุขภาพ
วิทยาศาสตร์การแพทย์ และสุขภาพ
สถานะ=หนังสือเก่า
WS104 จ493พ ฉ.2 
  Barcode: 002200
ห้องสมุดวิทยาเขตสวรรค์ประชารักษ์
►ส่วนจัดเก็บหนังสือเก่า สปร
บนชั้น
  ขอยืม
6. วิทยาศาสตร์การแพทย์ และสุขภาพ
วิทยาศาสตร์การแพทย์ และสุขภาพ
สถานะ=หนังสือเก่า
WS104 จ493พ ฉ.3 
  Barcode: 002201
ห้องสมุดวิทยาเขตสวรรค์ประชารักษ์
►ส่วนจัดเก็บหนังสือเก่า สปร
บนชั้น
  ขอยืม
7. วิทยาศาสตร์การแพทย์ และสุขภาพ
วิทยาศาสตร์การแพทย์ และสุขภาพ
สถานะ=หนังสือเก่า
WS104 จ493พ ฉ.4 
  Barcode: 002202
ห้องสมุดวิทยาเขตสวรรค์ประชารักษ์
►ส่วนจัดเก็บหนังสือเก่า สปร
บนชั้น
  ขอยืม
8. วิทยาศาสตร์การแพทย์ และสุขภาพ
วิทยาศาสตร์การแพทย์ และสุขภาพ
สถานะ=หนังสือเก่า
WS104 จ493พ ฉ.5 
  Barcode: 002203
ห้องสมุดวิทยาเขตสวรรค์ประชารักษ์
►ส่วนจัดเก็บหนังสือเก่า สปร
บนชั้น
  ขอยืม
9. วิทยาศาสตร์การแพทย์ และสุขภาพ
วิทยาศาสตร์การแพทย์ และสุขภาพ
สถานะ=หนังสือเก่า
WS104 จ493พ ฉ.6 
  Barcode: 002204
ห้องสมุดวิทยาเขตสวรรค์ประชารักษ์
►ส่วนจัดเก็บหนังสือเก่า สปร
บนชั้น
  ขอยืม
10. วิทยาศาสตร์การแพทย์ และสุขภาพ
วิทยาศาสตร์การแพทย์ และสุขภาพ
สถานะ=หนังสือเก่า
WS104 จ493พ ฉ.7 
  Barcode: 002205
ห้องสมุดวิทยาเขตสวรรค์ประชารักษ์
►ส่วนจัดเก็บหนังสือเก่า สปร
บนชั้น
  ขอยืม
11. วิทยาศาสตร์การแพทย์ และสุขภาพ
วิทยาศาสตร์การแพทย์ และสุขภาพ
สถานะ=หนังสือเก่า
WS104 จ493พ ฉ.8 
  Barcode: 002206
ห้องสมุดวิทยาเขตสวรรค์ประชารักษ์
►ส่วนจัดเก็บหนังสือเก่า สปร
บนชั้น
  ขอยืม
12. วิทยาศาสตร์การแพทย์ และสุขภาพ
วิทยาศาสตร์การแพทย์ และสุขภาพ
สถานะ=หนังสือเก่า
WS104 จ493พ ฉ.9 
  Barcode: 002207
ห้องสมุดวิทยาเขตสวรรค์ประชารักษ์
►ส่วนจัดเก็บหนังสือเก่า สปร
บนชั้น
  ขอยืม

รายการใกล้เคียง
    ผู้แต่ง [จิรนันท์ วีรกุล]

    หัวเรื่อง [เด็ก]
    หัวเรื่อง [พัฒนาการของเด็ก]

BibComment


ยังไม่เคยถูกคอมเมนท์

คอมเมนท์ทรัพยากรรายการนี้
  คอมเมนท์: พัฒนาการผิดปกติท..


 Copyright 2026. Bcnsprnw @Library